Digital rights management : concepts and applications (Record no. 190083)

MARC details
000 -LEADER
fixed length control field 00446nam a2200157Ia 4500
008 - FIXED-LENGTH DATA ELEMENTS--GENERAL INFORMATION
fixed length control field 231217s9999 xx 000 0 und d
020 ## - INTERNATIONAL STANDARD BOOK NUMBER
International Standard Book Number 8189333062
041 ## - LANGUAGE CODE
Language code of text/sound track or separate title English
082 ## - DEWEY DECIMAL CLASSIFICATION NUMBER
Classification number 342.0853 KAM;1 R
100 ## - MAIN ENTRY--PERSONAL NAME
Personal name Kambhammettu, Shyam Sunder ed.
245 #0 - TITLE STATEMENT
Title Digital rights management : concepts and applications
260 ## - PUBLICATION, DISTRIBUTION, ETC.
Date of publication, distribution, etc. 2005
Name of publisher, distributor, etc. Le Magnus
Place of publication, distribution, etc. Hyderabad
300 ## - PHYSICAL DESCRIPTION
Extent xvi, 204+A7
650 ## - SUBJECT ADDED ENTRY--TOPICAL TERM
Topical term or geographic name entry element Digital,rights,management
942 ## - ADDED ENTRY ELEMENTS (KOHA)
Koha item type Books
Holdings
Date last seen Total checkouts Full call number Accession number Cost, total (INR) price Price effective from Category Public note Lost status Damaged status Department Withdrawn status Home library Current library Shelving location Entry date Vendor Cost, normal purchase price Grants Billnumber Billdate Currency symbol Conversion rate Discount Old discount
26/01/2024   342.0853 KAM;1 R 67063 38.00 26/01/2024 Books 67063     Central Library   Central Library Central Library Central Library 18/11/2010 ICFAI Press 38.00 MBA 1993 17/12/2014 RS 1    
26/01/2024   342.0853 KAM;2 R1 67064 38.00 26/01/2024 Books 67064     F-Block Annex   Central Library Central Library F-Block Library Annex 18/11/2010 ICFAI Press 38.00 MBA 1993 17/12/2014 RS 1    

© For any Suggestions or Query, please contact the library staff @ librarian@pes.edu or Phone: +9180 2672 1983/ 2108.